The international sports law journal

Bibliographic Details
Corporate Author: Asser International Sports Law Centre La Haye
Format: Unknown
Language:English
Published: Amsterdam : Asser International Sports Law Centre La Haye
Subjects:
Online Access:Acceso restringido

MARC

LEADER 00000ny a22000003n 4500
005 20110512113950.0
008 091216s ne 000 eng d
022 |a 1567-7559 
035 |a 3221 
040 |a BUS  |d vLex 
090 |c 1759  |d 1759 
245 3 4 |a The international sports law journal  |h [Recurso electrn̤ico] 
256 |a Servicio en ln̕ea. 
260 |a Amsterdam :  |b Asser International Sports Law Centre La Haye 
310 |a Trimestral 
506 1 |a Contenido solo disponible en los productos indicados  |d vLex Global  |d vLex Global (Academic Edition, excluding Law Schools)  |d vLex Global (Academic Edition, Law Schools) 
650 0 4 |a Deportes  |x Derecho  |x Publicaciones perid̤icas 
650 0 4 |a Sports  
650 0 4 |a Law 
710 2 |a Asser International Sports Law Centre La Haye 
740 0 |a vLex Revista (Servicios en ln̕ea) 
843 |a Electrn̤ica. Abierta 
853 |8 1  |i (year)  |j (month)  |k (day) 
856 4 0 |u http://vlex.com/source/3221  |z Acceso restringido 
942 |c REV 
999 0 4 |a Esports